Welcome to the helldivers - Statistics

General Stats
  • This quiz has been taken 56 times
  • The average score is 50 of 352
Answer Stats
Answer % Correct
free
63%
Super
59%
a
57%
the
57%
The
57%
democracy
54%
helldivers
52%
I
52%
liberty
52%
We
52%
we
52%
Earth
50%
do
39%
our
39%
an
33%
of
33%
to
33%
welcome
33%
Welcome
33%
you
33%
life
30%
for
26%
way
26%
all
20%
be
20%
eat
20%
no
20%
No
20%
and
17%
And
17%
bugs
17%
are
15%
in
15%
on
15%
When
15%
who
15%
bot
13%
elite
13%
it
13%
is
11%
Kill
11%
me
11%
need
11%
will
11%
bots
9%
can
9%
Can
9%
have
9%
how
9%
like
9%
one
9%
One
9%
or
9%
stay
9%
your
9%
decide
7%
died
7%
get
7%
Get
7%
gun
7%
If
7%
inside
7%
liberate
7%
might
7%
Most
7%
out
7%
panic
7%
Pelican
7%
pods
7%
robot
7%
shoot
7%
Shoot
7%
take
7%
that
7%
those
7%
want
7%
wife
7%
with
7%
but
4%
come
4%
done
4%
drop
4%
Eagle
4%
fine
4%
fire
4%
heroes
4%
my
4%
OIL
4%
right
4%
shall
4%
space
4%
Yes
4%
arrows
2%
beat
2%
bombs
2%
call
2%
cause
2%
cun
2%
diving
2%
Don´t
2%
don´t
2%
Earth´s
2%
even
2%
Everything
2%
FUCKING
2%
got
2%
help
2%
hold
2%
hulk
2%
interest
2%
it´s
2%
It´s
2%
just
2%
Just
2%
line
2%
major
2%
mission
2%
napalm
2%
never
2%
odds
2%
oh
2%
orbital
2%
Press
2%
rest
2%
samples
2%
she
2%
SOME
2%
some
2%
SPILL
2%
spread
2%
stalkers
2%
survive
2%
that´s
2%
their
2%
There´s
2%
things
2%
time
2%
titan
2%
treason
2%
trust
2%
Watch
2%
Wheter
2%
you´re
2%
ass
0%
back
0%
base
0%
basterds
0%
beam
0%
best
0%
beware
0%
big
0%
biting
0%
blink
0%
borders
0%
bulk
0%
cannon
0%
commie
0%
crime
0%
debatible
0%
Empathy
0%
expendible
0%
eye
0%
failed
0%
fascist
0%
fit
0%
foes
0%
found
0%
frightened
0%
gaves
0%
Grab
0%
group
0%
grunts
0%
guys
0%
hail
0%
hate
0%
Here´s
0%
hesitation
0%
hiding
0%
impalers
0%
I´ve
0%
jumping
0%
killed
0%
lasers
0%
little
0%
Maby
0%
Meridia
0%
Ministry
0%
nest
0%
nning
0%
once
0%
order
0%
overthink
0%
Pull
0%
quasar
0%
really
0%
realy
0%
retreat
0%
rockets
0%
running
0%
said
0%
sauron
0%
sees
0%
send
0%
sent
0%
sentience
0%
should
0%
shoulders
0%
soil
0%
Spreading
0%
stop
0%
team
0%
terminal
0%
them
0%
They´ll
0%
they´re
0%
through
0%
trigger
0%
Truth
0%
unintelligent
0%
Vietnam
0%
waves
0%
We´ll
0%
We´re
0%
which
0%
Would
0%
you´ll
0%
No matching quizzes found
Score Distribution
Percent of People with Each Score
Percentile by Number Answered
Your Score History
You have not taken this quiz